La enseñanza de las ciencias experimentales: el constructivismo del caos
Պահպանված է:
| Հիմնական հեղինակներ: | , |
|---|---|
| Ձևաչափ: | Գիրք |
| Լեզու: | իսպաներեն |
| Հրապարակվել է: |
Bogotá
Magisterio
1997
|
| Շարք: | Colección Mesa Redonda, 55
|
| Խորագրեր: | |
| Ցուցիչներ: |
Ավելացրեք ցուցիչ
Չկան պիտակներ, Եղեք առաջինը, ով նշում է այս գրառումը!
|
MARC
| LEADER | 00000nam a2200000 a 4500 | ||
|---|---|---|---|
| 001 | UCQ7853 | ||
| 003 | CL-VaPUC | ||
| 008 | 981121e19970000CK |||||||||||||||||spa|d | ||
| 082 | 0 | 4 | |a 121 |b GAL |2 21 |
| 100 | |a Gallego Badillo, Rómulo |e author |9 533865 | ||
| 700 | 0 | |a Pérez Miranda, Royman |e author |9 421607 | |
| 245 | 1 | 3 | |a La enseñanza de las ciencias experimentales: el constructivismo del caos |
| 300 | |a 286 p | ||
| 942 | |c BK | ||
| 945 | |d 19981121 00:00:00 |a aarredon | ||
| 260 | |a Bogotá |b Magisterio |c 1997 | ||
| 650 | 0 | |a Educación |9 258661 | |
| 650 | 0 | |a Métodos de enseñanza |9 270413 | |
| 650 | 0 | |a Constructivismo |9 268156 | |
| 650 | 0 | |a Cognición |9 270347 | |
| 650 | 7 | |a CONOCIMIENTO |2 CL-VaPUC |9 308991 | |
| 650 | 0 | |a Aprendizaje |9 254827 | |
| 650 | 0 | |a Epistemología |9 264994 | |
| 583 | |a last modification |c 19981121 00:00:00 |k Rodrigo Vera | ||
| 490 | 0 | |a Colección Mesa Redonda, 55 | |
| 999 | |c 277233 |d 277231 | ||
| 952 | |0 0 |1 0 |4 0 |6 121_000000000000000_GAL_1997 |7 0 |8 A |9 315094 |a BIBEDU |b BIBEDU |c ES_NOD |d 2019-11-20 |i 348288K |o 121 GAL 1997 |p 348288K |r 2023-08-09 |w 2019-11-20 |y BK |k EDU | ||
| 952 | |0 0 |1 0 |4 0 |6 121_000000000000000_GAL_1997 |7 0 |8 A |9 315095 |a BIBEDU |b BIBEDU |d 2019-11-20 |i 4346688 |o 121 GAL 1997 |p 4346688 |r 2019-11-20 |w 2019-11-20 |y BK |k EBA | ||
| 952 | |0 0 |1 0 |4 0 |6 121_000000000000000_GAL_1997 |7 0 |8 A |9 315096 |a BIBEDU |b BIBEDU |c ES_NOD |d 2019-11-20 |i 4372360 |o 121 GAL 1997 |p 4372360 |r 2023-08-09 |w 2019-11-20 |y BK |k EBA | ||